Datum a čas kvízu
37
Celkem bodů
Celkový počet nahraných bodů na tomto kvízu bez doplňovacích otázek.
10.
Pořadí na kvízu
Konečné umístění týmu na tomto kvízu.
Zaznamenané odpovědi
| # | Otázka | Odpověď | Body | Výsledky |
|---|---|---|---|---|
| 1. | Ve středu jsme si prostřednict... | B) beze spěchu | 1 | |
| 2. | Argentinský prezident Javier M... | Falklandské (Malvínské) ostrovy | 1 | |
| 3. | Švédská společnost Pophouse mi... | Kiss | 0 | |
| 4. | Český ministr zemědělství naří... | sbírat lesní klest | 1 | |
| 5. | Německý fotbalový svaz bude mu... | čísla 44 | 1 | |
| 6. | Nobelovu cenu za objev krevníc... | Jan Janský | 1 | |
| 7. | Ve kterém orgánu lidského těla... | ve slezině | 1 | |
| 8. | Vyberte nepravdivé tvrzení: | B | 0 | |
| 9. | Za půl bodu napište, jak se na... | Alexej; hemofilie | 1 | |
| 10. | Uveďte rodové jméno zvířete, p... | makak (makak rhesus) | 0 |